أجيالنا - عالم الاحداث الامنية والعلمية / (رقم التسجيلة. 110393)
[ عرض عادي ]
| 000 -LEADER | |
|---|---|
| fixed length control field | 00652nam a22001817a 4500 |
| 005 - DATE AND TIME OF LATEST TRANSACTION | |
| control field | 20251108173713.0 |
| 008 - FIXED-LENGTH DATA ELEMENTS--GENERAL INFORMATION | |
| fixed length control field | 250721s2005 xx 000 0 ara d |
| 082 14 - DEWEY DECIMAL CLASSIFICATION NUMBER | |
| Classification number | م/ط/904.79098203/غزل |
| 100 1# - MAIN ENTRY--PERSONAL NAME | |
| Personal name | الغزلاني, محمد سعيد |
| 245 10 - TITLE STATEMENT | |
| Title | أجيالنا - عالم الاحداث الامنية والعلمية / |
| 264 1# - PRODUCTION, PUBLICATION, DISTRIBUTION, MANUFACTURE, AND COPYRIGHT NOTICE | |
| Place of production, publication, distribution, manufacture | بيروت : |
| Name of producer, publisher, distributor, manufacturer | دار الراتب الجامعية، |
| Date of production, publication, distribution, manufacture, or copyright notice | 2005. |
| 650 17 - SUBJECT ADDED ENTRY--TOPICAL TERM | |
| Topical term or geographic name as entry element | الاحداث السياسيه |
| 650 17 - SUBJECT ADDED ENTRY--TOPICAL TERM | |
| Topical term or geographic name as entry element | الاحداث التاريخيه |
| 650 17 - SUBJECT ADDED ENTRY--TOPICAL TERM | |
| Topical term or geographic name as entry element | المناسبات الثقافيه |
| 653 ## - INDEX TERM--UNCONTROLLED | |
| Uncontrolled term | ناشاون كبار (15-18)سنه |
| 942 ## - ADDED ENTRY ELEMENTS (KOHA) | |
| Source of classification or shelving scheme | Dewey Decimal Classification |
| Koha item type | مراجع |
| حالة السحب | حالة الفقدان | مصدر التصنيف | حالة التلف | غير قابل للإعارة | المكتبة الرئيسية | المكتبة الحالية | موقع الرف | تاريخ التزويد | الرقم المتسلسل | Total Checkouts | رقم الإستدعاء | الباركود | تاريخ آخر ظهور | تاريخ الفاتورة | نوع المادة (كوها) |
|---|---|---|---|---|---|---|---|---|---|---|---|---|---|---|---|
| Dewey Decimal Classification | Not For Loan | مكتبة مرج الحمام | مكتبة مرج الحمام | مراجع | 28/07/2025 | 1149624 | م/ط/904.79098203/غزل | 1149624 | 28/07/2025 | 28/07/2025 | مراجع |